Alimenti con lettera iniziale P - Statistics

Statistiche generali
  • Questo quiz è stato fatto 117 volte
    94 dall'ultimo reset
  • Il punteggio medio è 19 su 20
Statistiche sulle risposte
con Immagini Risposta % Corretto
Pane
100%
Panettone
100%
Patata
100%
Peperone
100%
Pizza
100%
Pollo
100%
Pomodoro
100%
Popcorn
100%
Prosciutto
100%
Pesca
99%
Polpetta
99%
Pistacchio
98%
Pompelmo
97%
Parmigiana
93%
Prugna
93%
Papaya
90%
Pancetta
87%
Paella
86%
Polenta
80%
Pastiera
76%
Nessun quiz corrispondente trovato
Distribuzione punteggi
Percentuale di utenti per punteggio
Percentile per numero di risposta
I tuoi punteggi nel tempo
Non hai fatto questo quiz dall'ultimo reset